00882cam a22002531 450000100060000000300080000600500170001400800410003103500190007203500190009104000320011004100110014208200210015310000240017424501300019825000120032826000510034030000390039150000370043050400190046765100360048670000500052270000560057226084BD-RjUL20211209050953.0140320s1894 enkb 001 0 eng d a(BD-RjUL)26154 a(OCoLC)2740636 aDLCcRPBdDLCdBD-RjULbeng1 aenglat00a937.07bTAH 18941 aTacitus, Cornelius.14aThe History of Tacitus /ctr. into English. With notes and a map. By Alfred John Church ... and William Jackson Brodribb ... aNew ed. aLondon ; New York:bMacmillan and co.,c1894. axvi, 247, [1] p. :bill. ;c20 cm. a"Life of Tacitus" : p. [ix]-xvi. aIncludes Index 0aRomexHistoryyFlavians, 69-96.1 aChurch, Alfred John,d1829-1912,eed. and tr.1 aBrodribb, William Jackson,d1829-1905,eed. and tr.